Caspari Matthaei Mülleri, serenissimi ducis mecklenburgici reg. consil. cancellariae, professoris publ. ordinarii, Facultatis Iuridicae P. T. pro-decani dissertatio iuridica de matrimonio nobilis cum ignobili, bon henrathen zwischen udelichen und un-udelichen personen. Quam in alma ad Varnum Academia d. VII decembr. an. MDCCVII placido eruditorum examini subjicit Jochim Christoffer de Moltke, eques megapol.

Detalles Bibliográficos
Autor principal: Müllerus, Casparus Matthaeus
Formato: Libro
Lenguaje:Latin
Publicado: Rostochii : s.n., 1746.
Materias:
Colección:Banco de datos
Acervo:Fondo Bibliográfico Antiguo Víctor Manuel Castillo de la Universidad de Ciencias y Artes de Chiapas
Descripción Física:31 p. ; 4°
Tema general:Derecho civil
Notas:Portada tipográfica con pleca y viñeta en grabado xilográfico. Texto a renglón seguido. Incluye cabecera de título floreada en grabado xilográfico. Incluye capitular floreada en grabado xilográfico
LEADER 01135nam a22001810004500
035 |a 1882 
041 0 |a lat 
100 1 |a Müllerus, Casparus Matthaeus 
245 1 0 |a Caspari Matthaei Mülleri, serenissimi ducis mecklenburgici reg. consil. cancellariae, professoris publ. ordinarii, Facultatis Iuridicae P. T. pro-decani dissertatio iuridica de matrimonio nobilis cum ignobili, bon henrathen zwischen udelichen und un-udelichen personen. Quam in alma ad Varnum Academia d. VII decembr. an. MDCCVII placido eruditorum examini subjicit Jochim Christoffer de Moltke, eques megapol. 
260 |a Rostochii : s.n., 1746. 
300 |a 31 p. ; 4° 
500 |a Portada tipográfica con pleca y viñeta en grabado xilográfico. Texto a renglón seguido. Incluye cabecera de título floreada en grabado xilográfico. Incluye capitular floreada en grabado xilográfico  
501 |a 21 obras 
650 1 0 |a Derecho civil 
949 |a UNICACH, Colección de Víctor Manuel Castillo: 01430-F 
942 |c CHIACASTI 
943 |g Fondo Bibliográfico Antiguo Víctor Manuel Castillo de la Universidad de Ciencias y Artes de Chiapas 
999 |c 1100178  |d 1100178